Представление документа в формате MARC21

ПолеНазваниеЗначение
  Тип записи a
  Библиографический уровень m
001 Контрольный номер RU/URAIT/598428
005 Дата корректировки 20260429163610.2
008 Кодируемые данные 260429s2026 RU y f j 000 0 rus u
020 Индекс ISBN __
a ISBN 978-5-534-20251-9
c Цена, тираж 1489.00
040 Источник каталогиз. __
a Служба первич. каталог. ИКО Юрайт
c Служба, преобразующая запись ИКО Юрайт
e Правила каталог. RCR
041 Код языка издания __
a Код языка текста rus
044 Код страны публикации __
a Код страны публикации RU
080 Индекс УДК __
a Индекс УДК 621
084 Индекс другой классификации/Индекс ББК __
2 Источник индекса rubbk
a Индекс другой классификации/Индекс ББК 30.11я73
100 Автор __
a Автор Вышнепольский И. С.
q Полное имя Вышнепольский Игорь Самуилович
245 Заглавие __
a Заглавие Техническое черчение
b Продолж. заглавия учебник для вузов
c Ответственность И. С. Вышнепольский.
250 Сведения об издании __
g пер. и доп
a Основные сведения об издании 11-е изд.
256 Характеристики компьютерного файла __
a Характеристики компьютерного файла Электрон. дан.
260 Выходные данные __
a Место издания Москва
b Издательство Юрайт
c Дата издания 2026
300 Физическое описание __
a Объем 272 с
440 Серия __
a Серия Высшее образование
500 Примечания __
a Примечание URL: https://urait.ru/bcode/598428 (дата обращения: 29.04.2026).
520 Аннотация __
a Аннотация Учебник неоднократно издавался не только на русском, но и на многих иностранных языках. При переиздании в учебник вносились изменения, связанные с изменением стандартов Единой системы конструкторской документации (ЕСКД), перерабатывались отдельные параграфы, поэтому учебник соответствует современным требованиям и является одним из лучших среди подобных.
538 Прим. о системных особенностях __
a Прим. о системных особенностях Режим доступа: Электронно-библиотечная система Юрайт, для авториз. пользователей
653 Ключевые слова __
a Ключевые слова Инженерная графика и черчение
653 Ключевые слова __
a Ключевые слова Технические науки
653 Ключевые слова __
a Ключевые слова Инженерная графика
653 Ключевые слова __
a Ключевые слова Инженерная и компьютерная графика
653 Ключевые слова __
a Ключевые слова Начертательная геометрия. Инженерная графика
653 Ключевые слова __
a Ключевые слова Начертательная геометрия
653 Ключевые слова __
a Ключевые слова Начертательная геометрия и черчение
653 Ключевые слова __
a Ключевые слова Инженерная графика и начертательная геометрия
653 Ключевые слова __
a Ключевые слова Инженерная и машинная графика
653 Ключевые слова __
a Ключевые слова Компьютерная и инженерная графика
653 Ключевые слова __
a Ключевые слова Начертательная геометрия и перспектива
653 Ключевые слова __
a Ключевые слова Основы инженерной графики
653 Ключевые слова __
a Ключевые слова Основы технического черчения
653 Ключевые слова __
a Ключевые слова Техническое черчение
653 Ключевые слова __
a Ключевые слова Машиностроительное черчение и автоматизация выполнения чертежей
653 Ключевые слова __
a Ключевые слова Начертательная геометрия и инженерная графика
653 Ключевые слова __
a Ключевые слова Основы черчения и начертательной геометрии
653 Ключевые слова __
a Ключевые слова Основы черчения с начертательной геометрией
653 Ключевые слова __
a Ключевые слова Проекционное черчение и компьютерная графика
653 Ключевые слова __
a Ключевые слова Черчение и начертательная геометрия
653 Ключевые слова __
a Ключевые слова Основы компьютерной инженерной графики
653 Ключевые слова __
a Ключевые слова Основы черчения и начертательная геометрия
653 Ключевые слова __
a Ключевые слова Машиностроительное черчение
653 Ключевые слова __
a Ключевые слова Компьютерная инженерная графика
653 Ключевые слова __
a Ключевые слова Создание чертежной документации
653 Ключевые слова __
a Ключевые слова Основы начертательной геометрии и технического черчения
653 Ключевые слова __
a Ключевые слова Инженерная компьютерная графика
653 Ключевые слова __
a Ключевые слова Начертательная геометрия и основы черчения
653 Ключевые слова __
a Ключевые слова Основы машиностроительного черчения
653 Ключевые слова __
a Ключевые слова Начертательная геометрия, черчение
856 Электронный адрес документа 40
n Местонахождение сервера Юрайт
g Электронная книга
q Тип электронного формата html
h Имя пользователя ЮРАЙТ
v Часы доступа к ресурсу 20271231
2 Способ доступа Показать документ
x Служебное примечание https://urait.ru/book/cover/316C82F3-5EB5-4AFF-82CF-AB00495A0A6B
u URL https://urait.ru/bcode/598428
856 Электронный адрес документа 48
q Тип электронного формата cover
u URL https://urait.ru/book/cover/316C82F3-5EB5-4AFF-82CF-AB00495A0A6B
911 __
u 0030=https://urait.ru/bcode/598428
911 __
u 073a=9785534202519
u 073d=1489.00
911 __
u 106a=s
911 __
u 900l=
952 Тип литературы __
i Дисциплина Инженерная графика
952 Тип литературы __
i Дисциплина Инженерная и компьютерная графика
952 Тип литературы __
i Дисциплина Начертательная геометрия. Инженерная графика
952 Тип литературы __
i Дисциплина Начертательная геометрия
952 Тип литературы __
i Дисциплина Начертательная геометрия и черчение
952 Тип литературы __
i Дисциплина Инженерная графика и начертательная геометрия
952 Тип литературы __
i Дисциплина Инженерная и машинная графика
952 Тип литературы __
i Дисциплина Компьютерная и инженерная графика
952 Тип литературы __
i Дисциплина Начертательная геометрия и перспектива
952 Тип литературы __
i Дисциплина Основы инженерной графики
952 Тип литературы __
i Дисциплина Основы технического черчения
952 Тип литературы __
i Дисциплина Техническое черчение
952 Тип литературы __
i Дисциплина Машиностроительное черчение и автоматизация выполнения чертежей
952 Тип литературы __
i Дисциплина Начертательная геометрия и инженерная графика
952 Тип литературы __
i Дисциплина Основы черчения и начертательной геометрии
952 Тип литературы __
i Дисциплина Основы черчения с начертательной геометрией
952 Тип литературы __
i Дисциплина Проекционное черчение и компьютерная графика
952 Тип литературы __
i Дисциплина Черчение и начертательная геометрия
952 Тип литературы __
i Дисциплина Основы компьютерной инженерной графики
952 Тип литературы __
i Дисциплина Основы черчения и начертательная геометрия
952 Тип литературы __
i Дисциплина Машиностроительное черчение
952 Тип литературы __
i Дисциплина Компьютерная инженерная графика
952 Тип литературы __
i Дисциплина Создание чертежной документации
952 Тип литературы __
i Дисциплина Основы начертательной геометрии и технического черчения
952 Тип литературы __
i Дисциплина Инженерная компьютерная графика
952 Тип литературы __
i Дисциплина Начертательная геометрия и основы черчения
952 Тип литературы __
i Дисциплина Основы машиностроительного черчения
952 Тип литературы __
i Дисциплина Начертательная геометрия, черчение